| 000 | 01064cam a2200265 4500 | ||
|---|---|---|---|
| 001 | |||
| 008 | 040727n2002 000 0 eng u | ||
| 020 | _a0953834743 | ||
| 035 | _a(Sirsi) u126935 | ||
| 041 | _aeng. | ||
| 050 |
_a658.1148 _c18 |
||
| 100 | _aFriedman, A. | ||
| 245 | 4 | _aThe Membership structures of UK professional associations | |
| 260 |
_a[S.l.] _bPARN _c2002 |
||
| 300 |
_axiii, 71p. _c21cm. |
||
| 350 | _a20 | ||
| 520 | _aThis study offers professional associations an insight into the intricacies of membership structures and requirements. It examines the different groups to which membership is open, hierarchies of membership and the range of qualifications and experience required. Finally, the book offers conclusions and a set of recommendations for good practice. | ||
| 650 | _aPROFESSIONAL ASSOCIATIONS | ||
| 650 | _aMEMBERSHIP ORGANISATIONS | ||
| 690 | _aMANAGEMENT-BUSINESS MANAGEMENT | ||
| 700 | _aPhillips, M. | ||
| 700 | _aCruickshank, I. | ||
| 710 |
_aProfessional Associations Research Network _94647 |
||
| 942 | _n0 | ||
| 999 |
_c103681 _d103681 |
||